000 00478nam a2200193Ia 4500
005 20240823023131.0
008 240823s9999||||xx |||||||||||||| ||und||
020 _a81-219-2963-6
041 _aENGLISH
082 _A621.37 P8
100 _aRajput R K
245 0 _aElectrical Measurements and Measuring Instruments
250 _a1st
260 _c2008
_bS chand New D
_aNew Delhi
500 _aYES
650 _aMeasurement
_bElectrical
942 _cBK
999 _c180821
_d180821